[Event "Niedersachsen-ch Seniors op 14th"]
[Site "Bad Bevensen"]
[Date "2011.07.07"]
[Round "3"]
[White "Hemig, Laurenz"]
[Black "Merettig, Georg"]
[Result "1/2-1/2"]
[WhiteElo "1417"]
[BlackElo "1729"]
[PlyCount "42"]
[EventDate "2011.07.05"]
[EventType "swiss"]
[EventRounds "9"]
[EventCountry "GER"]
[SourceTitle "EXT 2012"]
[Source "ChessBase"]
[SourceDate "2011.11.24"]
[SourceVersion "1"]
[SourceVersionDate "2011.11.24"]
[SourceQuality "1"]

1. d4 Nc6 2. Nf3 f5 3. g3 e6 4. Bg2 Nf6 5. Nbd2 Be7 6. b3 Nd5 7. Bb2 Bf6 8. c4 Nde7 9. 0-0 Ng6 10. e4 f4 11. e5 Be7 12. Re1 h5 13. Qc2 Rh6 14. Nf1 fxg3 15. fxg3 Nb4 16. Qd2 d5 17. a3 Na6 18. Qd3 c5 19. Bc1 dxc4 20. bxc4 Nf8 21. Bxh6 gxh6 1/2-1/2

[Event "Niedersachsen-ch Seniors op 13th"]
[Site "Bad Bevensen"]
[Date "2010.07.13"]
[Round "8"]
[White "Hemig, Laurenz"]
[Black "Zoeller, Henning"]
[Result "1/2-1/2"]
[WhiteElo "1372"]
[BlackElo "1331"]
[PlyCount "67"]
[EventDate "2010.07.06"]
[EventType "swiss"]
[EventRounds "9"]
[EventCountry "GER"]
[SourceTitle "EXT 2012"]
[Source "ChessBase"]
[SourceDate "2011.11.24"]
[SourceVersion "1"]
[SourceVersionDate "2011.11.24"]
[SourceQuality "1"]

1. d4 Nf6 2. Nf3 g6 3. b3 Bg7 4. Bb2 d5 5. Nbd2 c6 6. e3 0-0 7. Be2 Nfd7 8. 0-0 Qe8 9. Re1 f5 10. c4 Nf6 11. h3 Ne4 12. b4 h6 13. Qb3 e6 14. a4 g5 15. Nxe4 fxe4 16. Nh2 Qg6 17. c5 Nd7 18. Qd1 Nf6 19. Ng4 Nd7 20. Nh2 e5 21. Ng4 Qf5 22. Rf1 h5 23. Nxe5 Bxe5 24. dxe5 Nxe5 25. Qd4 Re8 26. Bxh5 Re7 27. Bg4 Nxg4 28. hxg4 Qxg4 29. Qh8+ Kf7 30. Qg7+ Ke6 31. Qf6+ Kd7 32. Qd6+ Ke8 33. Qg6+ Kd7 34. Qd6+ 1/2-1/2

[Event "Niedersachsen-ch Seniors op 13th"]
[Site "Bad Bevensen"]
[Date "2010.07.12"]
[Round "7"]
[White "Buck, Klaus Michael"]
[Black "Hemig, Laurenz"]
[Result "1-0"]
[WhiteElo "1600"]
[BlackElo "1372"]
[PlyCount "47"]
[EventDate "2010.07.06"]
[EventType "swiss"]
[EventRounds "9"]
[EventCountry "GER"]
[SourceTitle "EXT 2012"]
[Source "ChessBase"]
[SourceDate "2011.11.24"]
[SourceVersion "1"]
[SourceVersionDate "2011.11.24"]
[SourceQuality "1"]

1. b4 d5 2. Bb2 e6 3. e3 Nf6 4. a3 Be7 5. Nf3 Nbd7 6. Be2 0-0 7. 0-0 b6 8. c4 c6 9. Nc3 Bb7 10. h3 a6 11. cxd5 cxd5 12. d4 h6 13. Qb3 b5 14. a4 bxa4 15. Nxa4 Bc6 16. Nc5 Nxc5 17. dxc5 Bb5 18. Bxb5 axb5 19. Rxa8 Qxa8 20. Ra1 Qb7 21. Ra3 Ne4 22. Qa2 Rb8 23. Ra7 Qc8 24. Rxe7 1-0

[Event "Niedersachsen-ch Seniors op 13th"]
[Site "Bad Bevensen"]
[Date "2010.07.11"]
[Round "6"]
[White "Hemig, Laurenz"]
[Black "Aufmwasser, Guenter"]
[Result "1/2-1/2"]
[WhiteElo "1372"]
[BlackElo "1578"]
[PlyCount "49"]
[EventDate "2010.07.06"]
[EventType "swiss"]
[EventRounds "9"]
[EventCountry "GER"]
[SourceTitle "EXT 2012"]
[Source "ChessBase"]
[SourceDate "2011.11.24"]
[SourceVersion "1"]
[SourceVersionDate "2011.11.24"]
[SourceQuality "1"]

1. d4 Nf6 2. Nf3 g6 3. Bf4 Bg7 4. h3 d6 5. Nbd2 0-0 6. e3 b6 7. Be2 Bb7 8. 0-0 Nbd7 9. c4 c5 10. dxc5 Nxc5 11. Bh2 Rc8 12. Nb3 Nfe4 13. Nxc5 dxc5 14. Rb1 e6 15. Qc2 Qe8 16. Bd3 f5 17. Be5 Rf7 18. Bxg7 Rxg7 19. Nd2 Nxd2 20. Qxd2 Rd8 21. Qc2 e5 22. Be2 Qc6 23. Bf3 e4 24. Be2 Rgd7 25. Rfd1 1/2-1/2

[Event "Niedersachsen-ch Seniors op 11th"]
[Site "Bad Bevensen"]
[Date "2008.07.16"]
[Round "9"]
[White "Hermann, Armin"]
[Black "Hemig, Laurenz"]
[Result "1/2-1/2"]
[WhiteElo "1560"]
[BlackElo "1420"]
[PlyCount "43"]
[EventDate "2008.07.08"]
[EventType "swiss"]
[EventRounds "9"]
[EventCountry "GER"]
[SourceTitle "EXT 2022"]
[Source "ChessBase"]
[SourceDate "2021.10.06"]
[SourceVersion "1"]
[SourceVersionDate "2021.10.06"]
[SourceQuality "1"]

1. Nf3 d5 2. d4 Nf6 3. e3 e6 4. Bd3 c5 5. c3 Nc6 6. Nbd2 cxd4 7. exd4 Bd6 8. 0-0 0-0 9. Re1 a6 10. Qc2 Re8 11. Ne5 g6 12. Ndf3 Be7 13. Bh6 Bf8 14. Bxf8 Rxf8 15. Re3 Nxe5 16. Nxe5 Nd7 17. Nxg6 fxg6 18. Bxg6 Nf6 19. Rg3 Kh8 20. Rh3 Qe7 21. Re1 Rg8 22. Bf5 1/2-1/2

[Event "Niedersachsen-ch Seniors op 11th"]
[Site "Bad Bevensen"]
[Date "2008.07.12"]
[Round "5"]
[White "Hemig, Laurenz"]
[Black "Werner, Klaus"]
[Result "1/2-1/2"]
[WhiteElo "1420"]
[BlackElo "1577"]
[PlyCount "83"]
[EventDate "2008.07.08"]
[EventType "swiss"]
[EventRounds "9"]
[EventCountry "GER"]
[SourceTitle "EXT 2022"]
[Source "ChessBase"]
[SourceDate "2021.10.06"]
[SourceVersion "1"]
[SourceVersionDate "2021.10.06"]
[SourceQuality "1"]

1. d4 Nf6 2. Nf3 d5 3. Bf4 Nh5 4. Bd2 Nd7 5. e3 g6 6. Be2 Bg7 7. 0-0 0-0 8. c4 e6 9. Nc3 dxc4 10. Bxc4 b6 11. Re1 Bb7 12. Be2 Rc8 13. Rc1 Re8 14. b4 a6 15. a3 Nhf6 16. Qb3 Qe7 17. Qb1 Red8 18. Red1 e5 19. dxe5 Nxe5 20. Nxe5 Qxe5 21. h3 Qg5 22. Bf1 Qe5 23. Be2 Rd7 24. Be1 Rcd8 25. Rxd7 Rxd7 26. Rd1 Qe6 27. Rxd7 Qxd7 28. Qd1 Qe7 29. Qb3 Nd7 30. Bc4 b5 31. Bf1 c5 32. a4 cxb4 33. axb5 bxc3 34. bxa6 Ba8 35. Bxc3 Qc5 36. Bd2 Qb6 37. Qd3 Ne5 38. Qc2 Qc6 39. Qb3 Nf3+ 40. gxf3 Qxf3 41. Qb8+ Bf8 42. Qh2 1/2-1/2

[Event "Niedersachsen-ch Seniors op 11th"]
[Site "Bad Bevensen"]
[Date "2008.07.10"]
[Round "3"]
[White "Hemig, Laurenz"]
[Black "Daebel, Hasso"]
[Result "1/2-1/2"]
[WhiteElo "1420"]
[BlackElo "1500"]
[PlyCount "106"]
[EventDate "2008.07.08"]
[EventType "swiss"]
[EventRounds "9"]
[EventCountry "GER"]
[SourceTitle "EXT 2022"]
[Source "ChessBase"]
[SourceDate "2021.10.06"]
[SourceVersion "1"]
[SourceVersionDate "2021.10.06"]
[SourceQuality "1"]

1. d4 Nf6 2. Nf3 d5 3. Bf4 e6 4. Nbd2 Bd6 5. Bxd6 Qxd6 6. e3 Nbd7 7. c4 Qb4 8. Qb3 Qxb3 9. Nxb3 b6 10. Rc1 Ba6 11. Bd3 0-0 12. Ke2 Rac8 13. Rc2 c5 14. Rhc1 Rc7 15. a3 Rfc8 16. Nbd2 Bb7 17. b3 cxd4 18. exd4 Ne8 19. cxd5 Rxc2 20. Rxc2 Rxc2 21. Bxc2 Bxd5 22. g3 h6 23. b4 Nc7 24. Ke3 g5 25. Be4 f5 26. Bxd5 Nxd5+ 27. Kd3 b5 28. Ne5 Nxe5+ 29. dxe5 f4 30. g4 Kf7 31. Kd4 Ke7 32. Ne4 Nb6 33. Nd2 a6 34. Kc5 Nd7+ 35. Kd4 Kf7 36. Ne4 Ke7 37. Nc5 Nxc5 38. Kxc5 Kd8 39. Kb6 Kd7 40. f3 h5 41. h3 h4 42. Kxa6 Kc6 43. Ka5 Kd5 44. Kxb5 Kxe5 45. a4 Kd4 46. a5 Ke3 47. a6 Kxf3 48. a7 Kg3 49. a8Q f3 50. Qa3 Kg2 51. Qe3 f2 52. Qe2 Kg1 53. Qe3 Kg2 1/2-1/2

[Event "Niedersachsen-ch Seniors op 11th"]
[Site "Bad Bevensen"]
[Date "2008.07.09"]
[Round "2"]
[White "Lange, Detlef"]
[Black "Hemig, Laurenz"]
[Result "1-0"]
[WhiteElo "1695"]
[BlackElo "1420"]
[PlyCount "53"]
[EventDate "2008.07.08"]
[EventType "swiss"]
[EventRounds "9"]
[EventCountry "GER"]
[SourceTitle "EXT 2022"]
[Source "ChessBase"]
[SourceDate "2021.10.06"]
[SourceVersion "1"]
[SourceVersionDate "2021.10.06"]
[SourceQuality "1"]

1. e4 e5 2. Nf3 Nf6 3. d4 exd4 4. Nxd4 Nxe4 5. Bd3 d5 6. Qe2 Be7 7. Nd2 0-0 8. Nxe4 dxe4 9. Bxe4 Bf6 10. c3 c6 11. Be3 Re8 12. Qc2 g6 13. 0-0 Qe7 14. Bd3 Nd7 15. Nf3 Ne5 16. Nxe5 Bxe5 17. Rae1 Qf8 18. f4 Bf6 19. f5 Bxf5 20. Bxf5 gxf5 21. Qxf5 Bg7 22. Bc5 Rxe1 23. Bxf8 Rxf1+ 24. Kxf1 Bxf8 25. Qd7 b6 26. Qxc6 Re8 27. Qxe8 1-0

[Event "GER Seniors Derby 07th"]
[Site "Wesel Undeloh"]
[Date "2008.03.29"]
[Round "6.17"]
[White "Priebs, Ludger"]
[Black "Hemig, Laurenz"]
[Result "1-0"]
[WhiteElo "1644"]
[BlackElo "1380"]
[PlyCount "91"]
[EventDate "2008.03.27"]
[EventType "swiss"]
[EventRounds "7"]
[EventCountry "GER"]
[SourceTitle "EXT 2022"]
[Source "ChessBase"]
[SourceDate "2021.10.06"]
[SourceVersion "1"]
[SourceVersionDate "2021.10.06"]
[SourceQuality "1"]

1. d4 Nf6 2. Bg5 e6 3. e4 Be7 4. e5 Nd5 5. Bxe7 Nxe7 6. c4 d5 7. c5 c6 8. Bd3 b6 9. b4 Ba6 10. Ne2 Bxd3 11. Qxd3 bxc5 12. bxc5 Qa5+ 13. Nd2 Qa6 14. Qc2 Ng6 15. Nb3 0-0 16. 0-0 Nd7 17. f4 f5 18. Nec1 Rf7 19. Nd3 Qc8 20. Na5 Nb8 21. Nb4 Rc7 22. Qd3 Ne7 23. h3 a6 24. g4 Qe8 25. Rf2 Raa7 26. Re1 Kh8 27. Re3 g6 28. Rg3 Qf8 29. Qf3 Rd7 30. Rb2 Qd8 31. Qa3 Rdb7 32. Nxb7 Rxb7 33. g5 Rb5 34. Nc2 Qc7 35. Rxb5 axb5 36. Nb4 Qb7 37. Qa5 Kg7 38. Ra3 Nc8 39. Na6 Qxa6 40. Qxa6 Nxa6 41. Rxa6 Ne7 42. Kf2 h5 43. h4 Kf7 44. Ra8 Ng8 45. Ke3 Ne7 46. Kd3 1-0

[Event "GER Seniors Derby 07th"]
[Site "Wesel Undeloh"]
[Date "2008.03.27"]
[Round "1.18"]
[White "Hemig, Laurenz"]
[Black "Hoedtke, Joern"]
[Result "0-1"]
[WhiteElo "1380"]
[BlackElo "1714"]
[PlyCount "62"]
[EventDate "2008.03.27"]
[EventType "swiss"]
[EventRounds "7"]
[EventCountry "GER"]
[SourceTitle "EXT 2022"]
[Source "ChessBase"]
[SourceDate "2021.10.06"]
[SourceVersion "1"]
[SourceVersionDate "2021.10.06"]
[SourceQuality "1"]

1. d4 d5 2. Nf3 Nf6 3. Bf4 e6 4. Nbd2 Be7 5. h3 Nbd7 6. e3 0-0 7. Bd3 c5 8. c3 Re8 9. 0-0 Nf8 10. Qc2 Ng6 11. Bh2 Bd6 12. Rfe1 Bxh2+ 13. Nxh2 e5 14. dxc5 e4 15. Be2 Nd7 16. b4 f5 17. Qb3 Nde5 18. Rad1 Be6 19. Qb1 a5 20. Nb3 Qg5 21. Nd4 f4 22. Nxe6 Rxe6 23. Ng4 h5 24. Nxe5 Rxe5 25. exf4 Nxf4 26. Bf1 Nxh3+ 27. Kh2 Nxf2 28. Rd2 Qh4+ 29. Kg1 Rf8 30. Rxf2 Qxf2+ 31. Kh1 Rf4 0-1